|
|
|
|
| LEADER |
00000nam0a2200000 4500 |
| 001 |
36177 |
| 005 |
20231101210344.0 |
| 035 |
|
|
|a (RuTPU)RU\TPU\book\36646
|
| 035 |
|
|
|a BOOK00003298
|
| 090 |
|
|
|a 36177
|
| 100 |
|
|
|a 20011210d1968 m y0rusy50 ca
|
| 101 |
0 |
|
|a rus
|
| 102 |
|
|
|a RU
|
| 105 |
|
|
|a a j 000zy
|
| 200 |
1 |
|
|a Технология основного органического синтеза
|e учебное пособие
|f И. И. Юкельсон
|
| 210 |
|
|
|a Москва
|c Химия
|d 1968
|
| 215 |
|
|
|a 846 с.
|c ил.
|
| 606 |
1 |
|
|a Органический синтез
|x Процессы
|2 stltpush
|3 (RuTPU)RU\TPU\subj\73683
|9 86544
|
| 610 |
1 |
|
|a механизм
|
| 610 |
1 |
|
|a реакционные аппараты
|
| 610 |
1 |
|
|a учебные пособия
|
| 675 |
|
|
|a 661.7
|v 3
|
| 700 |
|
1 |
|a Юкельсон
|b И. И.
|g Илья Исаевич
|
| 801 |
|
0 |
|a RU
|b 63413507
|c 20011210
|g PSBO
|
| 801 |
|
2 |
|a RU
|b 63413507
|c 20211224
|g PSBO
|
| 900 |
|
|
|a Химия и технология основного органического и нефтехимического синтеза
|
| 942 |
|
|
|c BK
|